Directores de cine - Estadísticas

Estadísticas generales
  • Esta prueba ha sido intentada 949 veces
  • La puntuación promedio es 27 de 76
Estadísticas de respuestas
Película Director % Correcto
Malditos bastardos Quentin Tarantino
93%
Jurassic Park Steven Spielberg
83%
El resplandor Stanley Kubrick
81%
El Padrino Francis Ford Coppola
80%
Psicosis Alfred Hitchcock
77%
Taxi Driver Martin Scorsese
77%
El gran dictador Charles Chaplin
71%
Memento Christopher Nolan
71%
Titanic James Cameron
69%
Million Dollar Baby Clint Eastwood
68%
Todo sobre mi madre Pedro Almodóvar
67%
El club de la lucha David Fincher
66%
Eduardo Manostijeras Tim Burton
63%
Medianoche en París Woody Allen
59%
Mulholland Drive David Lynch
57%
Los siete samuráis Akira Kurosawa
56%
El laberinto del fauno Guillermo del Toro
56%
Hotel Budapest Wes Anderson
56%
Star Wars IV: Una nueva esperanza George Lucas
52%
El perro andaluz Luis Buñuel
52%
Ciudadano Kane Orson Welles
51%
El pianista Roman Polanski
51%
El bueno, el feo y el malo Sergio Leone
47%
Blade Runner Ridley Scott
45%
La dolce vita Federico Fellini
42%
La diligencia John Ford
42%
Forrest Gump Robert Zemeckis
42%
Persona Ingmar Bergman
40%
El señor de los anillos Peter Jackson
39%
Abre los ojos Alejandro Amenábar
37%
Metrópolis Fritz Lang
36%
Birdman Alejandro Gonzàlez Iñarritu
35%
El gran Lebowski Joel i Ethan Coen
35%
Gravity Alfonso Cuarón
33%
Los cuatrocientos golpes François Truffaut
32%
El maquinista de La General Buster Keaton
31%
El viaje de Chihiro Hayao Miyazaki
31%
Réquiem por un sueño Darren Aronofsky
30%
Dogville Lars Von Trier
29%
La gran belleza Paolo Sorrentino
27%
El crepúsculo de los dioses Billy Wilder
26%
Parásitos Bong Joon-Ho
26%
Qué bello es vivir Frank Capra
26%
Magnolia Paul Thomas Anderson
26%
El nacimiento de una nación D. W. Griffith
23%
Los intocables de Eliot Ness Brian de Palma
22%
Viaje a la luna George Méliès
22%
American Beauty Sam Mendes
22%
Batman vs Superman Zack Snyder
21%
Al final de la escapada Jean-Luc Godard
20%
El acorazado Potemkin Serguei Eisenstein
20%
Nosferatu F. W. Murnau
19%
Transformers Michael Bay
18%
Brazil Terry Gilliam
17%
Nostalgia Andrei Tarkovski
16%
Cadena perpetua Frank Darabont
16%
Star Wars VII: El despertar de la Fuerza J. J. Abrams
16%
Fitzcarraldo Werner Herzog
16%
La vida de Pi Ang Lee
15%
Lawrence of Arabia David Lean
15%
Trainspotting Danny Boyle
14%
Cinema Paradiso Giuseppe Tornatore
14%
Casablanca Michael Curtiz
13%
JFK Oliver Stone
13%
El ladrón de bicicletas Vittorio de Sica
13%
El halcón maltés John Huston
12%
La cinta blanca Michael Haneke
12%
El mago de Oz Victor Fleming
10%
La pasión de Juana de Arco Carl Theodor Dreyer
9%
Ben-Hur William Wyler
9%
Eva al desnudo Joseph Mankiewicz
6%
Historias de Filadelfia George Cuckor
5%
El sueño eterno Howard Hawks
5%
Gummo Harmony Korine
4%
La sangre de un poeta Jean Cocteau
3%
Al rojo vivo Raoul Walsh
1%
No se encontraron pruebas coincidentes
Distribución de puntuación
Porcentaje de gente con cada puntuación
Porcentaje por número respondido
Historial de tus puntuaciones
No has intentado esta prueba.